Zohľadnenie efektívnosti v poľnohospodárstve

Salvato in:
Dettagli Bibliografici
Autore principale: Martinová, Erika
Altri autori: Urblíková, Daniela
Natura: Capitolo di libro
Lingua:slovacco
Tags: Aggiungi Tag
Nessun Tag, puoi essere il primo ad aggiungerne!!

MARC

LEADER 00000naa$a2200000$$$4500
001 0181337
005 20240502083427.6
041 0 |a slo 
044 |a CZ 
245 1 0 |a Zohľadnenie efektívnosti v poľnohospodárstve  |c Erika Martinová, Daniela Urblíková 
100 1 |a Martinová, Erika 
700 1 |a Urblíková, Daniela